[Event "Crete Team Cup final"]
[Site "Hersonissos"]
[Date "2019.05.12"]
[Round "2.2"]
[White "Vitsaxakis, Nikolaos"]
[Black "Stefanatos, Nikolaos"]
[Result "1/2-1/2"]
[WhiteElo "1927"]
[BlackElo "1885"]
[PlyCount "22"]
[EventDate "2019.05.11"]
[EventType "team-k.o."]
[EventRounds "2"]
[EventCountry "GRE"]
[SourceTitle "CBM 190 Extra"]
[Source "ChessBase"]
[SourceDate "2019.07.15"]
[SourceVersion "1"]
[SourceVersionDate "2019.07.15"]
[SourceQuality "1"]
[WhiteTeam "Heraklion OAA"]
[BlackTeam "Gazi Chess Academy"]
[WhiteTeamCountry "GRE"]
[BlackTeamCountry "GRE"]

1. d4 Nf6 2. Bf4 d5 3. e3 Bf5 4. Bd3 Bxd3 5. Qxd3 c6 6. Nf3 e6 7. 0-0 Bd6 8. Bxd6 Qxd6 9. c4 Nbd7 10. Nc3 0-0 11. h3 h6 1/2-1/2

[Event "Crete Team Cup final"]
[Site "Hersonissos"]
[Date "2019.05.11"]
[Round "1.1"]
[White "Kelires, Andreas"]
[Black "Stefanatos, Nikolaos"]
[Result "1-0"]
[WhiteElo "2508"]
[BlackElo "1885"]
[PlyCount "59"]
[EventDate "2019.05.11"]
[EventType "team-k.o."]
[EventRounds "2"]
[EventCountry "GRE"]
[SourceTitle "CBM 190 Extra"]
[Source "ChessBase"]
[SourceDate "2019.07.15"]
[SourceVersion "1"]
[SourceVersionDate "2019.07.15"]
[SourceQuality "1"]
[WhiteTeam "OFI"]
[BlackTeam "Gazi Chess Academy"]
[WhiteTeamCountry "GRE"]
[BlackTeamCountry "GRE"]

1. d4 Nf6 2. Nf3 d5 3. c4 e6 4. g3 Be7 5. Bg2 0-0 6. 0-0 dxc4 7. Qc2 a6 8. a4 Bd7 9. Bg5 Bc6 10. Qxc4 Nbd7 11. Nc3 h6 12. Bxf6 Nxf6 13. Rfe1 Ne4 14. Qd3 Nxc3 15. bxc3 f5 16. Ne5 Bxg2 17. Kxg2 Bf6 18. Ng6 Re8 19. e4 Kh7 20. exf5 Qd5+ 21. f3 exf5 22. Nf4 Qd7 23. Re6 Rxe6 24. Qxf5+ g6 25. Qxe6 Qxe6 26. Nxe6 c6 27. Kf2 Re8 28. Nc5 b6 29. Nd7 Bd8 30. Re1 1-0

[Event "Heraklion Gazi op 12th"]
[Site "Malevizi"]
[Date "2016.08.04"]
[Round "8"]
[White "Stefanatos, Nikolaos"]
[Black "Lirindzakis, Timotheos"]
[Result "1/2-1/2"]
[WhiteElo "1877"]
[BlackElo "2210"]
[PlyCount "108"]
[EventDate "2016.07.28"]
[EventType "swiss"]
[EventRounds "9"]
[EventCountry "GRE"]
[SourceTitle "CBM 173 Extra"]
[Source "ChessBase"]
[SourceDate "2016.08.29"]
[SourceVersion "1"]
[SourceVersionDate "2016.08.29"]
[SourceQuality "1"]

1. Nf3 d5 2. g3 Nf6 3. Bg2 e6 4. 0-0 Be7 5. d4 0-0 6. c4 c6 7. b3 b6 8. Bb2 Nbd7 9. Nbd2 Bb7 10. Ne5 Rc8 11. e4 dxe4 12. Nxe4 Nxe4 13. Bxe4 Nf6 14. Bg2 Qc7 15. Qf3 Ba8 16. Qf4 Bd6 17. Qg5 h6 18. Qh4 c5 19. Bxa8 Rxa8 20. Ng4 Nxg4 21. Qxg4 cxd4 22. Qxd4 e5 23. Qd5 Rad8 24. Rfe1 Rfe8 25. Qe4 f6 26. Red1 Bc5 27. Rd5 Rxd5 28. Qxd5+ Qf7 29. Rd1 Qxd5 30. Rxd5 Kf7 31. Kf1 Ke6 32. Ke2 h5 33. h3 g6 34. f3 Bd6 35. Rd3 f5 36. Re3 Kd7 37. Kd3 e4+ 38. fxe4 fxe4+ 39. Rxe4 Rxe4 40. Kxe4 Bxg3 41. Be5 Be1 42. a3 Bf2 43. b4 a6 44. a4 Ke6 45. Bc7 g5 46. Bd8 g4 47. hxg4 hxg4 48. a5 bxa5 49. Bxa5 g3 50. Kf3 Be1 51. Kg2 Kf5 52. Kf1 Bc3 53. Kg2 Be1 54. Kf1 Bc3 1/2-1/2

[Event "Heraklion Gazi op 12th"]
[Site "Malevizi"]
[Date "2016.07.30"]
[Round "3"]
[White "Stefanatos, Nikolaos"]
[Black "Volodin, Aleksandr"]
[Result "0-1"]
[WhiteElo "1877"]
[BlackElo "2489"]
[PlyCount "70"]
[EventDate "2016.07.28"]
[EventType "swiss"]
[EventRounds "9"]
[EventCountry "GRE"]
[SourceTitle "CBM 173 Extra"]
[Source "ChessBase"]
[SourceDate "2016.08.29"]
[SourceVersion "1"]
[SourceVersionDate "2016.08.29"]
[SourceQuality "1"]

1. d4 d5 2. Nf3 Nf6 3. c4 e6 4. g3 c5 5. cxd5 exd5 6. Bg2 Nc6 7. Nc3 h6 8. 0-0 Be7 9. h3 0-0 10. Be3 b6 11. Ne5 Bb7 12. Nxc6 Bxc6 13. Qd3 c4 14. Qc2 b5 15. a3 a5 16. b4 axb4 17. axb4 Rxa1 18. Rxa1 Bxb4 19. Nxb5 Bxb5 20. Qb2 Qe7 21. Rb1 c3 22. Qxb4 Qxb4 23. Rxb4 Bxe2 24. f3 Ra8 25. Rb1 c2 26. Rc1 Bd1 27. Kf2 Ra3 28. g4 Nh7 29. h4 Nf8 30. Bf1 Ng6 31. h5 Nf4 32. Bb5 Nh3+ 33. Kg3 Rxe3 34. Kxh3 Rxf3+ 35. Kh2 Rb3 0-1

[Event "Anogia op 4th"]
[Site "Anogia"]
[Date "2015.07.16"]
[Round "9"]
[White "Grapsa, Georgia"]
[Black "Stefanatos, Nikolaos"]
[Result "1-0"]
[WhiteElo "2065"]
[BlackElo "1889"]
[PlyCount "99"]
[EventDate "2015.07.09"]
[EventType "swiss"]
[EventRounds "9"]
[EventCountry "GRE"]
[SourceTitle "CBM 167 Extra"]
[Source "ChessBase"]
[SourceDate "2015.09.14"]
[SourceVersion "1"]
[SourceVersionDate "2015.09.14"]
[SourceQuality "1"]

1. d4 Nf6 2. Nf3 d5 3. g3 b6 4. Bg2 Bb7 5. 0-0 e6 6. c4 Nbd7 7. cxd5 exd5 8. Nc3 Bb4 9. Qb3 Bxc3 10. bxc3 0-0 11. Bf4 Re8 12. Rfe1 Ne4 13. Rad1 g5 14. Bc1 Qf6 15. Be3 Qf5 16. Qb1 Qf6 17. Qc1 h6 18. Nd2 Rad8 19. c4 c6 20. Nxe4 dxe4 21. Qc2 Qg6 22. d5 Nf6 23. Qa4 Ng4 24. Qxa7 Nxe3 25. fxe3 Rd7 26. Qxb6 cxd5 27. Qxg6+ fxg6 28. Rd4 Ra8 29. Bxe4 dxc4 30. Rxd7 Bxe4 31. Rc1 Bf5 32. Rd2 Be6 33. e4 Kf7 34. Rc3 Kf6 35. Kf2 Ke5 36. Ke3 h5 37. Rb2 Ra5 38. a3 Rc5 39. Rb4 Ra5 40. a4 Rc5 41. Rb5 Kd6 42. Kd4 Rc6 43. Rxg5 Ra6 44. a5 Bf7 45. Rxc4 Bxc4 46. Kxc4 Kc7 47. Kb5 Re6 48. Rc5+ Kb7 49. e5 g5 50. Kc4 1-0

[Event "Heraklion Gazi op 10th"]
[Site "Heraklion"]
[Date "2014.08.04"]
[Round "7"]
[White "Stefanatos, Nikolaos"]
[Black "Vitsaxakis, Nikolaos"]
[Result "1-0"]
[WhiteElo "1891"]
[BlackElo "1582"]
[PlyCount "63"]
[EventDate "2014.07.30"]
[EventType "swiss"]
[EventRounds "9"]
[EventCountry "GRE"]
[SourceTitle "EXT 2016"]
[Source "ChessBase"]
[SourceDate "2015.10.08"]
[SourceVersion "1"]
[SourceVersionDate "2015.10.08"]
[SourceQuality "1"]

1. Nf3 Nf6 2. g3 b6 3. Bg2 Bb7 4. 0-0 g6 5. d4 Bg7 6. c4 e6 7. Nc3 0-0 8. Bf4 d6 9. Qc2 Qe8 10. e4 Na6 11. Rfe1 Nb4 12. Qd2 c5 13. dxc5 dxc5 14. Bd6 Qd8 15. Bxf8 Qxd2 16. Nxd2 Kxf8 17. e5 Bxg2 18. exf6 Bh6 19. Kxg2 Bxd2 20. Re2 Bxc3 21. bxc3 Nc6 22. Rd1 Ke8 23. Rd6 Na5 24. Re4 Nb7 25. Rd3 Rc8 26. g4 Rc6 27. g5 Nd6 28. Rh4 Kd7 29. Rxh7 Kc8 30. Rxd6 Rxd6 31. Rxf7 Rd7 32. Rg7 1-0

[Event "Paleochora op 7th"]
[Site "Paleochora"]
[Date "2014.07.28"]
[Round "9"]
[White "Liodakis, Konstantinos Spyros"]
[Black "Stefanatos, Nikolaos"]
[Result "1-0"]
[WhiteElo "2177"]
[BlackElo "1891"]
[PlyCount "41"]
[EventDate "2014.07.21"]
[EventType "swiss"]
[EventRounds "9"]
[EventCountry "GRE"]
[SourceTitle "CBM 161 Extra"]
[Source "ChessBase"]
[SourceDate "2014.08.29"]
[SourceVersion "1"]
[SourceVersionDate "2014.08.29"]
[SourceQuality "1"]

1. Nf3 d5 2. d4 Nf6 3. c4 e6 4. Nc3 Be7 5. cxd5 exd5 6. Bg5 0-0 7. Qc2 c6 8. e3 Ne4 9. Bxe7 Qxe7 10. Bd3 Re8 11. 0-0 Bf5 12. Rae1 Nd7 13. Nd2 Nxd2 14. Qxd2 Bxd3 15. Qxd3 Nf6 16. f3 Rad8 17. a3 Qd6 18. Rd1 Re7 19. e4 Qf4 20. e5 Ne8 21. g3 1-0

[Event "Heraklio SOI op 10th"]
[Site "Heraklion"]
[Date "2014.01.04"]
[Round "4"]
[White "Stefanatos, Nikolaos"]
[Black "Lantzourakis, Emmanouil"]
[Result "1-0"]
[WhiteElo "1888"]
[BlackElo "1398"]
[PlyCount "57"]
[EventDate "2014.01.09"]
[EventType "swiss"]
[EventRounds "7"]
[EventCountry "GRE"]
[SourceTitle "EXT 2024"]
[Source "ChessBase"]
[SourceDate "2023.10.10"]
[SourceVersion "1"]
[SourceVersionDate "2023.10.10"]
[SourceQuality "1"]

1. d4 Nf6 2. g3 e6 3. Bg2 d5 4. Nf3 Nbd7 5. 0-0 c5 6. c4 Nb6 7. cxd5 Nbxd5 8. dxc5 Bxc5 9. e4 Nxe4 10. Qa4+ Bd7 11. Qxe4 Bc6 12. Ne5 Bb5 13. Re1 Qf6 14. Ng4 Qe7 15. Ne3 Bc6 16. Nxd5 Bxd5 17. Qa4+ Qd7 18. Qxd7+ Kxd7 19. Bxd5 exd5 20. Nc3 Kc6 21. Bd2 Rhe8 22. Na4 b5 23. Nxc5 Kxc5 24. Rac1+ Kd6 25. Bf4+ Kd7 26. Rc7+ Kd8 27. Rd1 Re2 28. Rxf7 Rxb2 29. Rf8+ 1-0

[Event "Heraklion Gazi op 9th"]
[Site "Heraklion"]
[Date "2013.08.02"]
[Round "8"]
[White "Katsivardas, Eleftherios"]
[Black "Stefanatos, Nikolaos"]
[Result "0-1"]
[WhiteElo "1604"]
[BlackElo "1900"]
[PlyCount "86"]
[EventDate "2013.07.27"]
[EventType "swiss"]
[EventRounds "9"]
[EventCountry "GRE"]
[SourceTitle "CBM 155 Extra"]
[Source "ChessBase"]
[SourceDate "2013.08.26"]
[SourceVersion "1"]
[SourceVersionDate "2013.08.26"]
[SourceQuality "1"]

1. d4 Nf6 2. c4 b6 3. Nc3 Bb7 4. e3 e6 5. Nf3 Bb4 6. Bd3 Ne4 7. Qb3 Bxc3+ 8. bxc3 0-0 9. 0-0 d6 10. Ba3 Nd7 11. Qc2 f5 12. Nd2 Qh4 13. f3 Nxd2 14. Qxd2 Rf6 15. Qf2 Qh5 16. e4 fxe4 17. Be2 exf3 18. Bxf3 Bxf3 19. gxf3 Raf8 20. Qe2 Qh3 21. c5 bxc5 22. dxc5 Ne5 23. f4 Rxf4 24. cxd6 Nf3+ 25. Rxf3 Qxf3 26. Qxf3 Rxf3 27. dxc7 Rxc3 28. Bd6 Rc8 29. Re1 R8xc7 30. Bxc7 Rxc7 31. Rxe6 Rc1+ 32. Kf2 Rc2+ 33. Re2 Rxe2+ 34. Kxe2 Kf7 35. Kd3 Ke6 36. Kc4 Kd6 37. Kb5 g5 38. a4 Kc7 39. Ka6 h5 40. Kxa7 g4 41. a5 h4 42. Ka6 g3 43. hxg3 h3 0-1

[Event "Heraklion Gazi op 9th"]
[Site "Heraklion"]
[Date "2013.08.01"]
[Round "7"]
[White "Stefanatos, Nikolaos"]
[Black "Kanakaris, Georgios"]
[Result "0-1"]
[WhiteElo "1900"]
[BlackElo "2310"]
[PlyCount "30"]
[EventDate "2013.07.27"]
[EventType "swiss"]
[EventRounds "9"]
[EventCountry "GRE"]
[SourceTitle "CBM 155 Extra"]
[Source "ChessBase"]
[SourceDate "2013.08.26"]
[SourceVersion "1"]
[SourceVersionDate "2013.08.26"]
[SourceQuality "1"]

1. Nf3 Nf6 2. g3 g6 3. Bg2 Bg7 4. 0-0 0-0 5. d4 d6 6. b3 c5 7. Bb2 cxd4 8. Nxd4 Nbd7 9. c4 a6 10. Nc3 Rb8 11. Qd2 Qa5 12. Rfd1 Qh5 13. e4 Ne5 14. f4 Nc6 15. Qe2 Nxd4 0-1

[Event "Heraklion Gazi op 9th"]
[Site "Heraklion"]
[Date "2013.07.30"]
[Round "5"]
[White "Stefanatos, Nikolaos"]
[Black "Klokas, Konstantinos"]
[Result "0-1"]
[WhiteElo "1900"]
[BlackElo "2132"]
[PlyCount "62"]
[EventDate "2013.07.27"]
[EventType "swiss"]
[EventRounds "9"]
[EventCountry "GRE"]
[SourceTitle "CBM 155 Extra"]
[Source "ChessBase"]
[SourceDate "2013.08.26"]
[SourceVersion "1"]
[SourceVersionDate "2013.08.26"]
[SourceQuality "1"]

1. d4 f5 2. g3 g6 3. Bg2 Nf6 4. c3 Bg7 5. Qb3 Nc6 6. Nh3 e6 7. Bg5 h6 8. Bxf6 Qxf6 9. Nd2 d5 10. Nf4 b6 11. Nd3 0-0 12. 0-0 g5 13. f3 f4 14. Rae1 Qg6 15. Nf2 Na5 16. Qd1 e5 17. Nb3 Nxb3 18. Qxb3 c6 19. Nd3 exd4 20. cxd4 Bxd4+ 21. Nf2 Qd6 22. Rd1 Bc5 23. Kh1 Bxf2 24. Rxf2 fxg3 25. Rff1 Ba6 26. Rfe1 Qc5 27. Qa4 Qc4 28. Qa3 Qh4 29. h3 Bc8 30. Qd6 Bxh3 31. Qg6+ Kh8 0-1

[Event "Crete Poa op"]
[Site "Crete"]
[Date "2012.04.28"]
[Round "4"]
[White "Verikakis, Ioannis"]
[Black "Stefanatos, Nikolaos"]
[Result "1-0"]
[WhiteElo "1953"]
[BlackElo "1922"]
[PlyCount "109"]
[EventDate "2012.04.26"]
[EventType "swiss"]
[EventRounds "7"]
[EventCountry "GRE"]
[SourceTitle "EXT 2024"]
[Source "ChessBase"]
[SourceDate "2023.10.10"]
[SourceVersion "1"]
[SourceVersionDate "2023.10.10"]
[SourceQuality "1"]

1. e4 e5 2. Nf3 Nc6 3. c3 Nf6 4. d4 exd4 5. e5 Qe7 6. cxd4 Qb4+ 7. Nc3 Ne4 8. Qc2 d5 9. a3 Nxd4 10. Qd3 Nxf3+ 11. gxf3 Nxf2 12. axb4 Nxd3+ 13. Bxd3 Bxb4 14. Bd2 c6 15. Rg1 g6 16. 0-0-0 a5 17. Na4 Bxd2+ 18. Kxd2 Ke7 19. Nb6 Ra7 20. Ra1 f6 21. exf6+ Kxf6 22. b4 Bf5 23. bxa5 Re8 24. h4 Re5 25. Bxf5 Rxf5 26. Ke3 Re5+ 27. Kd3 Rf5 28. Ke3 Re5+ 29. Kd3 Rf5 30. Rg3 Rf4 31. Rh3 Rb4 32. Nd7+ Kf5 33. h5 Rb5 34. Nf8 b6 35. hxg6 hxg6 36. Rg1 Raxa5 37. Rxg6 Ra3+ 38. Kc2 Ra2+ 39. Kc3 Ra3+ 40. Kc2 Ra2+ 41. Kc3 Ra3+ 42. Kc2 Rc5+ 43. Kb2 Rd3 44. Rh5+ Kf4 45. Ne6+ Kxf3 46. Nxc5 bxc5 47. Rxc6 c4 48. Rg6 Ke4 49. Rg4+ Kf3 50. Rgh4 Ke2 51. Rh2+ Ke3 52. R5h4 Kf3 53. Kc2 Re3 54. Rd4 Re5 55. Rhd2 1-0

[Event "Heraklion op 7th"]
[Site "Heraklion"]
[Date "2011.08.06"]
[Round "1"]
[White "Stefanatos, Nikolaos"]
[Black "Kharitonov, Alexandr"]
[Result "0-1"]
[WhiteElo "1928"]
[BlackElo "2539"]
[PlyCount "64"]
[EventDate "2011.08.06"]
[EventType "swiss"]
[EventRounds "9"]
[EventCountry "GRE"]
[SourceTitle "CBM 144 Extra"]
[Source "ChessBase"]
[SourceDate "2011.10.28"]
[SourceVersion "1"]
[SourceVersionDate "2011.10.28"]
[SourceQuality "1"]

1. d4 Nf6 2. c4 e6 3. Nf3 Bb4+ 4. Bd2 a5 5. Qc2 d5 6. e3 0-0 7. Bd3 Nc6 8. Nc3 Bd6 9. a3 dxc4 10. Bxc4 e5 11. d5 Ne7 12. h3 Bf5 13. e4 Bg6 14. 0-0 h6 15. Be3 Rc8 16. Rad1 Kh8 17. Kh1 Bh7 18. Bc1 Rg8 19. Qe2 g5 20. Nh2 Ng6 21. Ng4 Nxg4 22. hxg4 Nf4 23. Qf3 h5 24. g3 hxg4 25. Qxg4 Qf6 26. Bxf4 gxf4 27. Qh3 Rcd8 28. Rg1 Rg6 29. Kg2 Rh6 30. Qg4 fxg3 31. fxg3 Rg8 32. Qf3 Rh2+ 0-1

[Event "GRE-chT 39th"]
[Site "Eretria"]
[Date "2011.07.07"]
[Round "6.15"]
[White "Stefanatos, Nikolaos"]
[Black "Georgantas, Antonios"]
[Result "1-0"]
[WhiteElo "1928"]
[BlackElo "1729"]
[PlyCount "57"]
[EventDate "2011.07.03"]
[EventType "team-swiss"]
[EventRounds "7"]
[EventCountry "GRE"]
[SourceTitle "CBM 143 Extra"]
[Source "ChessBase"]
[SourceDate "2011.08.29"]
[SourceVersion "1"]
[SourceVersionDate "2011.08.29"]
[SourceQuality "1"]
[WhiteTeam "Gazi Chess Academy"]
[BlackTeam "Papagou"]
[WhiteTeamCountry "GRE"]
[BlackTeamCountry "GRE"]

1. d4 d5 2. c4 e6 3. Nc3 f5 4. Nf3 c6 5. Bf4 Nf6 6. e3 Be7 7. Qc2 0-0 8. Bd3 Ne4 9. g4 Nxc3 10. bxc3 c5 11. gxf5 exf5 12. Ne5 Nc6 13. Rg1 cxd4 14. cxd5 Nxe5 15. Bxe5 g6 16. d6 Bxd6 17. Bc4+ Rf7 18. Bxf7+ Kxf7 19. Qb3+ Ke7 20. Bxd6+ Qxd6 21. 0-0-0 Qe6 22. Qb4+ Kf7 23. exd4 Qxa2 24. Rge1 Qa1+ 25. Kd2 Qa2+ 26. Kd3 Qa6+ 27. c4 Be6 28. Re5 Qc6 29. d5 1-0

[Event "Heraklion op 6th"]
[Site "Heraklion"]
[Date "2010.08.25"]
[Round "5"]
[White "Stefanatos, Nikolaos"]
[Black "Vrbova, Niki"]
[Result "0-1"]
[WhiteElo "1901"]
[BlackElo "2198"]
[PlyCount "79"]
[EventDate "2010.08.22"]
[EventType "swiss"]
[EventRounds "9"]
[EventCountry "GRE"]
[SourceTitle "CBM 138 Extra"]
[Source "ChessBase"]
[SourceDate "2010.10.29"]
[SourceVersion "1"]
[SourceVersionDate "2010.10.29"]
[SourceQuality "1"]

1. e4 e5 2. Nf3 Nc6 3. Bc4 Bc5 4. 0-0 Nf6 5. d3 d6 6. Bg5 h6 7. Bh4 g5 8. Bg3 Ne7 9. c3 Bb6 10. Nbd2 Ng6 11. d4 Qe7 12. Re1 Bd7 13. a4 a6 14. a5 Ba7 15. Qb3 0-0-0 16. Bxf7 Nf4 17. Nc4 exd4 18. Bxf4 gxf4 19. e5 d5 20. exf6 Qxf7 21. Nce5 Qxf6 22. cxd4 Rhg8 23. Rac1 Bh3 24. g3 fxg3 25. hxg3 h5 26. Qc2 Rg7 27. Kh2 Bf5 28. Qd2 Be4 29. Re3 Rh8 30. Rec3 Bf5 31. Qf4 Rf8 32. Rxc7+ Rxc7 33. Nd7 Qd8 34. Nxf8 Bg4 35. Ne5 Kb8 36. Nxg4 hxg4 37. Ne6 Bxd4 38. Qxc7+ Qxc7 39. Nxc7 Bxb2 40. Rc2 0-1

[Event "Heraklion op 6th"]
[Site "Heraklion"]
[Date "2010.08.24"]
[Round "4"]
[White "Stefanatos, Nikolaos"]
[Black "Stefanidi, Maria Anna"]
[Result "1-0"]
[WhiteElo "1901"]
[BlackElo "2092"]
[PlyCount "79"]
[EventDate "2010.08.22"]
[EventType "swiss"]
[EventRounds "9"]
[EventCountry "GRE"]
[SourceTitle "CBM 138 Extra"]
[Source "ChessBase"]
[SourceDate "2010.10.29"]
[SourceVersion "1"]
[SourceVersionDate "2010.10.29"]
[SourceQuality "1"]

1. d4 Nf6 2. c4 c5 3. d5 b5 4. f3 Bb7 5. e4 bxc4 6. Bxc4 d6 7. Nc3 g6 8. f4 Qa5 9. Bd2 Nbd7 10. Qe2 Qc7 11. Nf3 Bh6 12. e5 dxe5 13. fxe5 Bxd2+ 14. Kxd2 Ng4 15. d6 Qb6 16. Nb5 0-0 17. dxe7 Rfe8 18. Bxf7+ Kxf7 19. e6+ Kxe7 20. exd7+ Kxd7 21. Qd3+ Ke7 22. Rae1+ Kf8 23. Qc3 Nf6 24. Kc1 Kg7 25. Na3 Bd5 26. Kb1 Kg8 27. Ng5 h6 28. Ref1 Rf8 29. Nf3 Ne4 30. Qe5 Rad8 31. Ka1 Rfe8 32. Qf4 Rb8 33. Rb1 Nf2 34. Qd2 Bxf3 35. Qxf2 Be4 36. Rbd1 Rf8 37. Qe2 Qb7 38. Rhg1 Rfe8 39. Qd2 Bd3 40. Qc3 1-0

[Event "Heraklion Gazi op"]
[Site "Heraklion"]
[Date "2006.09.04"]
[Round "5"]
[White "Panagiotakos, Nikolaos"]
[Black "Stefanatos, Nikolaos"]
[Result "1-0"]
[WhiteElo "1935"]
[BlackElo "1295"]
[PlyCount "67"]
[EventDate "2006.08.31"]
[EventType "swiss"]
[EventRounds "7"]
[EventCountry "GRE"]
[SourceTitle "EXT 2008"]
[Source "ChessBase"]
[SourceDate "2007.11.25"]
[SourceVersion "1"]
[SourceVersionDate "2007.11.25"]
[SourceQuality "1"]

1. e4 e5 2. Nf3 Nf6 3. Nxe5 d6 4. Nf3 Nxe4 5. d4 d5 6. Bd3 Bd6 7. 0-0 0-0 8. Re1 Re8 9. c4 c6 10. Qc2 Bf5 11. Nc3 Bb4 12. Bf4 Nd7 13. cxd5 Bxc3 14. bxc3 cxd5 15. Nd2 Ndf6 16. Be5 Bg6 17. f3 Nxd2 18. Qxd2 Bxd3 19. Qxd3 Rc8 20. Qb5 b6 21. Rac1 Re6 22. c4 dxc4 23. Rxc4 Rxc4 24. Qxc4 Nd7 25. f4 Nxe5 26. fxe5 h6 27. d5 Re7 28. d6 Rd7 29. e6 fxe6 30. Qxe6+ Kh8 31. Qg6 Rf7 32. Qxf7 Qxd6 33. Re8+ Kh7 34. Qf5+ 1-0

[Event "Heraklion Gazi op"]
[Site "Heraklion"]
[Date "2006.09.03"]
[Round "4"]
[White "Stefanatos, Nikolaos"]
[Black "Fragiadakis, Nikolaos"]
[Result "1-0"]
[WhiteElo "1295"]
[BlackElo "1450"]
[PlyCount "104"]
[EventDate "2006.08.31"]
[EventType "swiss"]
[EventRounds "7"]
[EventCountry "GRE"]
[SourceTitle "EXT 2008"]
[Source "ChessBase"]
[SourceDate "2007.11.25"]
[SourceVersion "1"]
[SourceVersionDate "2007.11.25"]
[SourceQuality "1"]

1. d4 e6 2. c4 d5 3. Nf3 Nd7 4. cxd5 exd5 5. Nc3 c6 6. Bf4 Be7 7. e3 f5 8. Bd3 Nf8 9. Ne5 Nf6 10. Qc2 g6 11. 0-0 Nh5 12. Bh6 Bg5 13. Bxg5 Qxg5 14. Na4 Ne6 15. Nxc6 0-0 16. Ne5 f4 17. Nf3 Qf6 18. Rfe1 Bd7 19. Nc5 Nxc5 20. Qxc5 Be6 21. Qc7 fxe3 22. Rxe3 Nf4 23. Bb5 Bg4 24. Qe5 Nh3+ 25. Kf1 Qxe5 26. Rxe5 Bxf3 27. gxf3 Rxf3 28. Kg2 Raf8 29. Be2 Rxf2+ 30. Kxh3 R2f4 31. Rxd5 Re4 32. Bc4 Kh8 33. Rf1 Rc8 34. b3 a6 35. a4 b5 36. axb5 axb5 37. Rxb5 Rxd4 38. Rd5 Rxd5 39. Bxd5 Rb8 40. Rf4 g5 41. Rf5 h6 42. Kg4 Rb4+ 43. Kh5 Rb6 44. Re5 Rf6 45. Re6 Rf2 46. Kg6 Rf8 47. Rf6 Rd8 48. Bc4 g4 49. Kxh6 g3 50. hxg3 Rd6 51. Kg5 Rd7 52. Rf8+ Kh7 1-0